<?xml version="1.0" encoding="UTF-8"?>
<record
    xmlns:xsi="http://www.w3.org/2001/XMLSchema-instance"
    xsi:schemaLocation="http://www.loc.gov/MARC21/slim http://www.loc.gov/standards/marcxml/schema/MARC21slim.xsd"
    xmlns="http://www.loc.gov/MARC21/slim">

  <leader>01411nam a22002297a 4500</leader>
  <controlfield tag="005">20260526091942.0</controlfield>
  <controlfield tag="008">260522b        |||||||| |||| 00| 0 eng d</controlfield>
  <datafield tag="020" ind1=" " ind2=" ">
    <subfield code="a">9780451529060</subfield>
  </datafield>
  <datafield tag="040" ind1=" " ind2=" ">
    <subfield code="c">AL</subfield>
  </datafield>
  <datafield tag="041" ind1=" " ind2=" ">
    <subfield code="a">English</subfield>
  </datafield>
  <datafield tag="082" ind1=" " ind2=" ">
    <subfield code="a">576.82</subfield>
    <subfield code="b">DARO</subfield>
  </datafield>
  <datafield tag="100" ind1=" " ind2=" ">
    <subfield code="a">Charles Darwin</subfield>
    <subfield code="9">264549</subfield>
  </datafield>
  <datafield tag="245" ind1=" " ind2=" ">
    <subfield code="a">Origin of species</subfield>
  </datafield>
  <datafield tag="260" ind1=" " ind2=" ">
    <subfield code="a">New York</subfield>
    <subfield code="b">Signet Classics</subfield>
    <subfield code="c">2003</subfield>
  </datafield>
  <datafield tag="300" ind1=" " ind2=" ">
    <subfield code="a">xxix,545p.</subfield>
    <subfield code="b">PB</subfield>
    <subfield code="c">17x10 cm</subfield>
  </datafield>
  <datafield tag="520" ind1=" " ind2=" ">
    <subfield code="a">Charles Darwin&#x2019;s classic that exploded into public controversy, revolutionized the course of science, and continues to transform our views of the world.

Few other books have created such a lasting storm of controversy as The Origin of Species. Darwin&#x2019;s theory that species derive from other species by a gradual evolutionary process and that the average level of each species is heightened by the &#x201C;survival of the fittest&#x201D; stirred up popular debate to fever pitch. Its acceptance revolutionized the course of science.

As Sir Julian Huxley, the noted biologist, points out in his illuminating introduction, the importance of Darwin&#x2019;s contribution to modern scientific knowledge is almost impossible to evaluate: &#x201C;a truly great book, one which can still be read with profit by professional biologist.&#x201D;</subfield>
  </datafield>
  <datafield tag="650" ind1=" " ind2=" ">
    <subfield code="a">Laws of Variation</subfield>
    <subfield code="9">264384</subfield>
  </datafield>
  <datafield tag="650" ind1=" " ind2=" ">
    <subfield code="a">Instinct</subfield>
    <subfield code="9">264385</subfield>
  </datafield>
  <datafield tag="650" ind1=" " ind2=" ">
    <subfield code="a">Hybridism</subfield>
    <subfield code="9">264386</subfield>
  </datafield>
  <datafield tag="700" ind1=" " ind2=" ">
    <subfield code="a">Huxley, Julian</subfield>
    <subfield code="9">264387</subfield>
  </datafield>
  <datafield tag="942" ind1=" " ind2=" ">
    <subfield code="2">ddc</subfield>
    <subfield code="c">DB</subfield>
  </datafield>
  <datafield tag="999" ind1=" " ind2=" ">
    <subfield code="c">241488</subfield>
    <subfield code="d">241488</subfield>
  </datafield>
  <datafield tag="952" ind1=" " ind2=" ">
    <subfield code="0">0</subfield>
    <subfield code="1">0</subfield>
    <subfield code="2">ddc</subfield>
    <subfield code="4">0</subfield>
    <subfield code="7">0</subfield>
    <subfield code="8">BT</subfield>
    <subfield code="a">AL</subfield>
    <subfield code="b">AL</subfield>
    <subfield code="d">2026-03-04</subfield>
    <subfield code="l">0</subfield>
    <subfield code="o">576.82 DARO</subfield>
    <subfield code="p">D06410</subfield>
    <subfield code="r">2026-05-22 14:54:51</subfield>
    <subfield code="w">2026-05-22</subfield>
    <subfield code="y">DB</subfield>
    <subfield code="z">Donated by Fr Royston Madtha SJ</subfield>
  </datafield>
</record>
